000 00828nam a2200301Ia 4500
001 A2149
003 IT-RoPAU
008 130308s9999 xx 000 0 und d
040 _aIT-RoPAU
040 _cIT-RoPAU
041 _aFRANCESE
100 _aFrapat Jean
100 _gCodice Aut. SPICS: 34924
245 _aDes enfants en libertè dans une image televisee
245 _bEnfant Dans L'Image (L')
250 _a1a ed.
260 _aPARIS
260 _bRetz
260 _c1987 [1° Ed.:1987 - Ed.Ling.Originale:1987]
300 _a"4 p. (prefazione: no ; testo: 4 [pagine: 107-110])"
500 _aBambini in Libertà in Un'Immagine Televisiva.
650 _aSOCIOLOGIA DELLA COMUNICAZIONE SOCIALE
650 _eCodice materia Spics: 3806
942 _cBK
957 _71
999 _c44267
_d44267
999 _bSI
999 _g1